000 00535nmm a2200169Ia 4500
008 251105s9999||||xx |||||||||||||||||und||
020 _a9788484897736
041 _aspa
100 _aUsandizaga, Guillem
245 0 _aLa representación de la historia contemporánea en el teatro de Lope de Vega
264 _a[Madrid, España] :
_bIberoamericana Vervuert,
_c2014
300 _a320 páginas
490 _aEscena clásica
650 _aSpanish literature
856 _uhttps://public.digitaliapublishing.com/a/56765
942 _cCF
999 _c86801
_d86801